| 000 | 01513cam a2200361 a 4500 | ||
|---|---|---|---|
| 001 | 6424 | ||
| 003 | FISKH | ||
| 005 | 20250430080129.0 | ||
| 008 | 081209s2009 nyua j 001 0 eng | ||
| 010 | _a 2008052893 | ||
| 020 | _a9781402764943 | ||
| 020 | _a9780545257541 | ||
| 020 | _a1402764944 | ||
| 040 |
_aDLC _cDLC _dDLC _beng |
||
| 050 | _aQE861 .S749 | ||
| 082 | _a567.9 | ||
| 100 | 1 | _aStickland, Henrietta. | |
| 245 | 1 | 2 |
_aDinosaur more! : _ba first book of dinosaur facts / _cby Henrietta Stickland ; illustrations by Paul Stickland. |
| 260 |
_aNew York : _bScholastic, _c2009. |
||
| 300 |
_a31 pages : _bcolor illustrations ; _c23 x 29 cm. |
||
| 500 | _aIncludes index. | ||
| 505 | 0 | _aDinosaur long diplodocus -- Dinosaur fierce velociraptor -- Dinosaur spiky stegosaurus -- Dinosaur squeak compsognathus -- Dinosaur lumpy ankylosaurus -- Dinosaur roar tyrannosaurus -- Dinosaur slimy apatosaurus -- Dinosaur clean iguanodon -- Dinosaur slow triceratops -- Dinosaur tiny hypsilophodon -- Dinosaur fast ornithomimus -- Dinosaur strong giganotosaurus. | |
| 505 | 0 | _aN | |
| 520 | _aFun facts about dinosaurs including how long ago they lived, how much they ate, how large they grew and how they fought. | ||
| 521 | 8 |
_a540
_bLexile estimate |
|
| 521 | 8 |
_aN
_bRaz-Plus |
|
| 650 | 0 |
_aDinosaurs _vJuvenile literature. |
|
| 650 | 1 | _aDinosaurs. | |
| 700 | 1 |
_aStickland, Paul, _eillustrator |
|
| 906 |
_a7 _bcbc _corignew _d1 _eecip _f20 _gy-gencatlg |
||
| 942 |
_2ddc _cBK _n0 |
||
| 999 |
_c6424 _d6424 |
||